Giảng dạy trực tuyến trong thời đại số Online Teaching in the Digital Age
Giảng dạy trực tuyến trong thời đại số cung cấp những kiến thức cơ bản cần thiết để phát triển và giảng dạy một khóa học trực tuyến một cách thành công cho các giáo viên.
Salvato in:
| Autore principale: | |
|---|---|
| Altri autori: | , |
| Natura: | Libro |
| Lingua: | Vietnamese |
| Pubblicazione: |
TP. Hồ Chí Minh
Nxb. Đại học Quốc Gia thành phố Hồ Chí Minh
2015
|
| Soggetti: | |
| Tags: |
Aggiungi Tag
Nessun Tag, puoi essere il primo ad aggiungerne! !
|
| Thư viện lưu trữ: | Thư viện Trường Đại học Nam Cần Thơ |
|---|
| LEADER | 01645nam a22002537a 4500 | ||
|---|---|---|---|
| 001 | NCT_19685 | ||
| 008 | 171111b xxu||||| |||| 00| 0 vie d | ||
| 999 | |c 936 |d 936 | ||
| 020 | |a 9786047334599 |c 65000 | ||
| 082 | 1 | 4 | |2 22nd ed. |a 005.3 |b Ch125 |
| 100 | 1 | |a Swenson, Pat | |
| 245 | 1 | 0 | |a Giảng dạy trực tuyến trong thời đại số |b Online Teaching in the Digital Age |c Pat Swenson, Nancy A. Taylor |
| 260 | |a TP. Hồ Chí Minh |b Nxb. Đại học Quốc Gia thành phố Hồ Chí Minh |c 2015 | ||
| 300 | |a 189tr. |c 18 cm | ||
| 520 | 3 | |a Giảng dạy trực tuyến trong thời đại số cung cấp những kiến thức cơ bản cần thiết để phát triển và giảng dạy một khóa học trực tuyến một cách thành công cho các giáo viên. | |
| 653 | |a Công nghệ Thông tin | ||
| 700 | 1 | 0 | |a Taylor, Nancy A. |
| 700 | 1 | 0 | |a Bùi Thanh Châu |e dịch |
| 942 | |2 ddc |c BK | ||
| 952 | |0 0 |1 0 |2 ddc |4 0 |6 005_300000000000000_CH_125 |7 0 |9 3354 |a 000001 |b 000001 |d 2017-11-11 |o 005.3 Ch.125 |p MD.01689 |r 2017-11-11 |v 65000.00 |w 2017-11-11 |y BK | ||
| 952 | |0 0 |1 0 |2 ddc |4 0 |6 005_300000000000000_CH_125 |7 0 |9 3355 |a 000001 |b 000001 |d 2017-11-11 |o 005.3 Ch.125 |p MD.01690 |r 2017-11-11 |v 65000.00 |w 2017-11-11 |y BK | ||
| 952 | |0 0 |1 0 |2 ddc |4 0 |6 005_300000000000000_CH_125 |7 0 |9 3356 |a 000001 |b 000001 |d 2017-11-11 |o 005.3 Ch.125 |p MD.01692 |r 2017-12-18 |v 65000.00 |w 2017-11-11 |y BK | ||
| 952 | |0 0 |1 0 |2 ddc |4 0 |6 005_300000000000000_CH_125 |7 0 |9 3357 |a 000001 |b 000001 |d 2017-11-11 |o 005.3 Ch.125 |p MD.01693 |r 2017-11-11 |v 65000.00 |w 2017-11-11 |y BK | ||
| 980 | |a Thư viện Trường Đại học Nam Cần Thơ | ||


